| 000 | 00627nam a22001457a 4500 | ||
|---|---|---|---|
| 008 | 140820b xxu||||| |||| 00| 0 eng d | ||
| 020 | _a0406094632 | ||
| 050 | _aKD276.3.L39(1913 vol.1) | ||
| 245 |
_aThe Law Reports(1913 vol.1) Chancery division: of the Incorporated council of Law reporting. Supreme court of judicature. Cases determined in the Chancery Division and on appeal therefrom in the court of appeal. / _cEdited by: Frederick pollock. |
||
| 260 |
_aLondon: _bButterworth & Co Ltd., _c1913. |
||
| 300 |
_aXiii, 586p.: _c24cm. |
||
| 440 |
_pChancery Division. _vVol.1 |
||
| 800 | _aPollock, Frederick | ||
| 942 |
_2lcc _cBK |
||
| 999 |
_c3548 _d11048 |
||